000 00750nam a2200229Ia 4500
003 OSt
005 20220926002634.0
006 a|||||r|||| 00| 0
007 ta
008 220923b |||||||| |||| 00| 0 eng d
037 _cGeneral Book
040 _aRTL
_cRTL
_beng
041 _2eng
_aeng
082 _aX:1.2.N67t4, L2
111 _aNational Council of Applied Economic Research (New Delhi)
_9306196
245 0 _aAll India household survey of income, saving and consumer expenditure
_b With special reference to middle lass household
260 _a New Delhi
_bNCAER
_c1972
300 _axii,112p.
_ccm.
650 _aConsumption Economics
942 _hX:1.2.N67t4, L2
_cGB
_2CC
999 _c605684
_d605684